000 00212 a2200109 4500
001 44145
040 _cAnchieta - Aquarius
240 1 0 _aVai Abóbora
_l
245 1 0 _aVai Abóbora
650 4 _aMúsica
942 _cMU
999 _c44145
_d44145